000 00745nam a2200229Ii 4500
003 JO-AjNU
008 230605s9999||||xx |||||||||||||| ||und||
017 _a2003/3014
020 _a977-305-667-8
040 _aJO-AjNU
_bara
_erda
_cJO-AjNU
041 _aara
050 1 4 _aDT63.H3998 2003
100 3 _aحواس، زاهي,
_eauthor
_915691
245 0 0 _aمعجزة الهرم الاكبر
264 3 1 _aالقاهرة: الهيئة المصرية العامة للكتاب، 2003
300 _a179ص
_bصور توضيحية
336 _atext
_btxt
_2rdacontent
337 _aunmediated
_bn
_2rdamedia
338 _avolume
_bnc
_2rdacarrier
490 0 _aالقراءة للجميع
650 4 _aمصر -الاهرام-تاريخ
_915692
999 _aA4490
_c8058
_d8058